|
|
|
|
| LEADER |
00000cam a2200000 a 4500 |
| 001 |
vtls008324670 |
| 003 |
SK-MaSNL |
| 005 |
20260302074325.0 |
| 008 |
190102s1975 xo l fr o100 s slo |
| 015 |
|
|
|a SNBA1975/03-00798
|
| 020 |
|
|
|q (brožované)
|
| 035 |
|
|
|a SK01SNK19750016887
|
| 035 |
|
|
|a SKM000019350
|
| 040 |
|
|
|a SNK
|b slo
|c SNK
|e AACR2
|
| 041 |
0 |
|
|a slo
|
| 043 |
|
|
|a e-xo---
|
| 044 |
|
|
|a xo
|c SK
|
| 072 |
|
7 |
|a 33
|x Ekonómia
|2 konspekt
|
| 072 |
|
7 |
|a 631
|x Poľnohospodárstvo. Pedológia. Agrotechnika. Agroekológia
|2 konspekt
|
| 080 |
|
|
|a 33
|2 2011
|
| 080 |
|
|
|a 631.11
|2 2011
|
| 080 |
|
|
|a (437.641)
|2 2011
|
| 080 |
|
|
|a (047)
|2 2011
|
| 080 |
|
|
|a (062.534)
|2 2011
|
| 111 |
2 |
|
|a Ekonomické problémy poľnohospodárskych podnikov v horských a podhorských oblastiach
|n (1. :
|d 1974 :
|c Liptovský Mikuláš, Slovensko)
|4 aut
|9 739827
|
| 245 |
1 |
0 |
|a Ekonomické problémy poľnohospodárskych podnikov v horských a podhorských oblastiach
|b zborník referátov prednesených na odborovom dni v rámci I. celoslovenských dní podhorských oblastí : Liptovský Mikuláš - 14.6.1974
|c [zostavil: Eugen Palášthy]
|
| 246 |
1 |
3 |
|a Ekonomické problémy poľnohospodárskych podnikov v horských a podhorských oblastiach
|b zborník referátov prednesených na odborovom dni v rámci 1. celoslovenských dní podhorských oblastí : Liptovský Mikuláš - 14.6.1974
|
| 246 |
1 |
3 |
|a Ekonomické problémy poľnohospodárskych podnikov v horských a podhorských oblastiach
|b zborník referátov prednesených na odborovom dni v rámci prvých celoslovenských dní podhorských oblastí : Liptovský Mikuláš - 14.6.1974
|
| 246 |
1 |
4 |
|a Ekonomické problémy poľnohospodárskych podnikov v horských a podhorských oblastiach
|
| 250 |
|
|
|a 1. vyd.
|
| 260 |
|
|
|a V Bratislave
|b Príroda
|b Ministerstvo poľnohospodárstva a výživy SSR
|c 1975
|
| 300 |
|
|
|a 108 strán
|b tabuľky
|c 20 cm
|
| 366 |
|
|
|e 400 kusov
|
| 490 |
1 |
|
|a Edícia Ministerstva poľnohospodárstva a výživy Slovenskej socialistickej republiky
|
| 500 |
|
|
|a Vydala Príroda, Bratislava
|
| 500 |
|
|
|a Názov z tiráže: Ekonomické problémy poľnohospodárskych podnikov v horských a podhorských oblastiach
|
| 648 |
|
7 |
|a 1974
|2 SNKPH
|9 337786
|
| 650 |
0 |
7 |
|a ekonomické problémy
|2 SNKPH
|9 370227
|
| 650 |
0 |
7 |
|a poľnohospodárske podniky
|2 SNKPH
|9 4194
|
| 650 |
0 |
7 |
|a horské oblasti
|2 SNKPH
|9 65902
|
| 650 |
0 |
7 |
|a podhorské oblasti
|2 SNKPH
|9 70306
|
| 650 |
0 |
7 |
|a ekonomika
|2 SNKPH
|9 789
|
| 651 |
|
7 |
|a Liptovský Mikuláš (Slovensko)
|2 SNKPHgeo
|9 36847
|
| 655 |
|
7 |
|a referáty
|2 SNKPH
|9 70611
|
| 655 |
|
7 |
|a zborníky konferencií
|2 SNKPH
|9 70153
|
| 700 |
1 |
|
|a Palášthy, Eugen
|4 com
|9 269572
|
| 710 |
2 |
|
|a Príroda (vydavateľstvo : Bratislava, Slovensko)
|4 pbl
|9 186316
|
| 752 |
|
|
|a Slovensko
|d Bratislava
|
| 830 |
|
0 |
|a Edícia Ministerstva poľnohospodárstva a výživy Slovenskej socialistickej republiky
|9 279675
|
| 852 |
|
|
|a Slovenská národná knižnica
|
| 958 |
|
|
|a RK
|
| 958 |
|
|
|a TL
|
| 958 |
|
|
|a OND
|
| 958 |
|
|
|a ZB
|
| 999 |
|
|
|c 1164596
|d 1166526
|
| 952 |
|
|
|a SNK
|b SNK
|y PREZ
|7 0
|p 17A0975024
|o snkSD 44627
|i snkKSP 2995/75
|0 0
|1 0
|4 0
|d 2023-10-12
|l 0
|r 2026-02-24 20:45:05
|w 2026-02-24
|